[Event "Tradewise Gibraltar Chess Festival 2014 "]
[Site "The Caleta Hotel - Gibraltar"]
[Date "2014.02.06"]
[Round "10.55"]
[White "Kaczmarczyk, Dennis"]
[Black "Stenzel, Thomas"]
[Result "1-0"]
[WhiteElo "2358"]
[BlackElo "2216"]
[PlyCount "43"]
[EventDate "2014.01.28"]

1. d4 d5 2. c4 Nc6 3. Nc3 dxc4 4. Nf3 Bg4 5. d5 Bxf3 6. exf3 Ne5 7. Bf4 Ng6 8.
Bxc4 Nf6 9. Bg3 a6 10. O-O Rb8 11. Rc1 b5 12. Bb3 Qd7 13. Ne4 Nxe4 14. fxe4 Rc8
15. f4 f5 16. Qh5 e6 17. dxe6 Qd4+ 18. Kh1 Qxe4 19. Rfe1 Qb4 20. Qxf5 Qe7 21.
Qf7+ Qxf7 22. exf7+ 1-0

[Event "Tradewise Gibraltar Chess Festival 2014 "]
[Site "The Caleta Hotel - Gibraltar"]
[Date "2014.02.06"]
[Round "10.57"]
[White "Hambleton, Aman"]
[Black "Proudian, Armen"]
[Result "0-1"]
[WhiteElo "2481"]
[BlackElo "2273"]
[PlyCount "63"]
[EventDate "2014.01.28"]

1. d4 Nf6 2. c4 e6 3. Nc3 Bb4 4. Qc2 O-O 5. a3 Bxc3+ 6. Qxc3 b6 7. Bg5 Bb7 8.
f3 h6 9. Bh4 d5 10. e3 Nbd7 11. cxd5 Nxd5 12. Bxd8 Nxc3 13. Bh4 Nd5 14. Bf2 c5
15. Bb5 Rfd8 16. Bxd7 Rxd7 17. dxc5 bxc5 18. O-O-O Rad8 19. Nh3 f5 20. Nf4 e5
21. Ng6 e4 22. f4 Rd6 23. Bh4 Rxg6 24. Bxd8 Rxg2 25. Rde1 Ba6 26. Ba5 Bd3 27.
Bd2 Nb6 28. Rhg1 Rf2 29. Bc3 g5 30. fxg5 h5 31. Bd2 Nc4 32. Rd1 0-1

[Event "Tradewise Gibraltar Chess Festival 2014 "]
[Site "The Caleta Hotel - Gibraltar"]
[Date "2014.02.06"]
[Round "10.58"]
[White "Roeder, Matthias"]
[Black "Lederman, Leon"]
[Result "1-0"]
[WhiteElo "2423"]
[BlackElo "2257"]
[PlyCount "59"]
[EventDate "2014.01.28"]

1. Nf3 d5 2. c4 c6 3. e3 Nf6 4. Nc3 a6 5. Qc2 e6 6. b3 Bd6 7. d4 Nbd7 8. Be2 b5
9. O-O b4 10. Na4 Bb7 11. a3 a5 12. c5 Bc7 13. axb4 axb4 14. Bd2 e5 15. dxe5
Nxe5 16. Bxb4 Nxf3+ 17. Bxf3 Ba6 18. Rfd1 Qb8 19. Nb6 Ra7 20. Bc3 Bxh2+ 21. Kh1
Bc7 22. Qf5 Qd8 23. Ra4 Bb8 24. Rda1 Qc7 25. g3 Qb7 26. Bxf6 gxf6 27. Qxf6 Rg8
28. Rxa6 Rxa6 29. Rxa6 Qxa6 30. Qxc6+ 1-0

[Event "Tradewise Gibraltar Chess Festival 2014 "]
[Site "The Caleta Hotel - Gibraltar"]
[Date "2014.02.06"]
[Round "10.59"]
[White "Valsecchi, Alessio"]
[Black "Gajic, Mladen"]
[Result "1-0"]
[WhiteElo "2418"]
[BlackElo "2246"]
[PlyCount "83"]
[EventDate "2014.01.28"]

1. e4 Nf6 2. e5 Nd5 3. d4 d6 4. Nf3 dxe5 5. Nxe5 c6 6. Bc4 Nd7 7. O-O Nxe5 8.
dxe5 Bf5 9. Bb3 e6 10. Qe2 Be7 11. Rd1 Qc7 12. c4 Nb6 13. Nc3 O-O 14. Bf4 Nd7
15. Rac1 Nc5 16. Bc2 Bxc2 17. Qxc2 a5 18. Re1 Rfd8 19. Re3 Rd7 20. Rh3 g6 21.
Rf1 Rad8 22. Qe2 Nd3 23. Bg3 Qb6 24. Qd2 h5 25. Ne4 Nxe5 26. Qc3 Nd3 27. Bd6
Nxf2 28. Rxf2 Rxd6 29. Nxd6 Rxd6 30. Qf3 f5 31. Qe2 e5 32. Rb3 Qc5 33. Rxb7 Bg5
34. Kh1 e4 35. h4 Be3 36. Rf1 Rd2 37. Qe1 Qxc4 38. Rxf5 Re2 39. Qd1 Rd2 40.
Rb8+ Kg7 41. Rb7+ Kh6 42. Qxh5+ 1-0

[Event "Tradewise Gibraltar Chess Festival 2014 "]
[Site "The Caleta Hotel - Gibraltar"]
[Date "2014.02.06"]
[Round "10.60"]
[White "Savina, Anastasia"]
[Black "Galmandakh, Badrakh"]
[Result "1/2-1/2"]
[WhiteElo "2402"]
[BlackElo "2225"]
[PlyCount "74"]
[EventDate "2014.01.28"]

1. d4 d6 2. Nf3 Bg4 3. e4 Nf6 4. h3 Bh5 5. Nc3 e6 6. g4 Bg6 7. Qe2 c6 8. h4 h5
9. g5 Nfd7 10. Bh3 Be7 11. Be3 d5 12. Nd2 Bb4 13. f4 dxe4 14. O-O Bf5 15. Bg2
Bxc3 16. bxc3 Bg4 17. Qf2 f5 18. gxf6 Nxf6 19. Nxe4 Nxe4 20. Bxe4 O-O 21. Rab1
Qc7 22. f5 Bxf5 23. Bf4 Qf7 24. Bd6 Rd8 25. Be5 Qg6+ 26. Kh2 Bxe4 27. Rg1 Nd7
28. Rxg6 Bxg6 29. Qg2 Nxe5 30. dxe5 Bf7 31. Rxb7 Rd5 32. c4 Rxe5 33. Qxc6 Rd8
34. Rd7 Rf8 35. Rxa7 Re2+ 36. Kg3 Re3+ 37. Kh2 Re2+ 1/2-1/2

[Event "Tradewise Gibraltar Chess Festival 2014 "]
[Site "The Caleta Hotel - Gibraltar"]
[Date "2014.02.06"]
[Round "10.61"]
[White "Sanchez Jerez, Emilio Miguel"]
[Black "Bellon Lopez, Juan Manuel"]
[Result "0-1"]
[WhiteElo "2287"]
[BlackElo "2382"]
[PlyCount "111"]
[EventDate "2014.01.28"]

1. e4 c5 2. Nc3 e6 3. Nf3 a6 4. g3 Nc6 5. Bg2 d6 6. d4 cxd4 7. Nxd4 Qc7 8. O-O
Nf6 9. f4 Nxd4 10. Qxd4 Be7 11. Be3 O-O 12. Kh1 Bd7 13. Bg1 Bc6 14. a4 Rfe8 15.
a5 Rac8 16. Qd1 Nd7 17. g4 Nf8 18. g5 f6 19. Bb6 Qd7 20. gxf6 Bxf6 21. Qh5 Ng6
22. Rae1 Rf8 23. Qg4 Bxc3 24. bxc3 e5 25. f5 Nf4 26. Rxf4 exf4 27. Qxf4 Rce8
28. Bf2 Re5 29. Rd1 Rfe8 30. Rd4 Rxa5 31. h3 Qe7 32. Bg3 Re5 33. Qg4 Bxe4 34.
Bxe5 Bxg2+ 35. Qxg2 dxe5 36. Rb4 e4 37. Rb6 Qd7 38. f6 e3 39. Rxb7 Qd1+ 40. Kh2
Qd6+ 41. Kh1 Qxf6 42. Qd5+ Kh8 43. Rf7 Qd8 44. Qxd8 Rxd8 45. Re7 Kg8 46. Rxe3
Rd1+ 47. Kg2 Rd2+ 48. Kf3 Rxc2 49. Ke4 Rd2 50. Rf3 Rd6 51. c4 Rf6 52. Rd3 Kf7
53. Rd7+ Ke8 54. Rxg7 Rh6 55. Ra7 Kd8 56. c5 {Unable to read remaining moves}
0-1

[Event "Tradewise Gibraltar Chess Festival 2014 "]
[Site "The Caleta Hotel - Gibraltar"]
[Date "2014.02.06"]
[Round "10.62"]
[White "Maisuradze, Nino"]
[Black "Lampert, Jonas"]
[Result "0-1"]
[WhiteElo "2279"]
[BlackElo "2358"]
[PlyCount "80"]
[EventDate "2014.01.28"]

1. d4 d5 2. c4 c6 3. cxd5 cxd5 4. Nc3 Nc6 5. Bf4 e5 6. dxe5 d4 7. Ne4 Bf5 8.
Nd6+ Bxd6 9. exd6 Nf6 10. Nf3 Nh5 11. Qd2 Nxf4 12. Qxf4 Qa5+ 13. Qd2 Qxd2+ 14.
Nxd2 Kd7 15. Rd1 Rhe8 16. Nb3 Bc2 17. Rc1 d3 18. Nc5+ Kxd6 19. Nxb7+ Kc7 20.
Nc5 Rad8 21. Kd2 dxe2+ 22. Kxc2 e1=Q 23. Rxe1 Rxe1 24. Nd3 Ra1 25. a3 f6 26. g3
Nd4+ 27. Kc3 Nf3 28. h4 Kb6 29. Bg2 Rc8+ 30. Kb4 Nd2 31. Ka4 Rc4+ 32. b4 Rxh1
33. Bxh1 Ne4 34. Bxe4 Rxe4 35. Kb3 Re2 36. a4 h5 37. Kc3 g5 38. hxg5 fxg5 39.
Kc4 h4 40. a5+ Kc7 0-1

[Event "Tradewise Gibraltar Chess Festival 2014 "]
[Site "The Caleta Hotel - Gibraltar"]
[Date "2014.02.06"]
[Round "10.63"]
[White "Vea, Odin Blikra"]
[Black "Kochetkova, Julia"]
[Result "1/2-1/2"]
[WhiteElo "2217"]
[BlackElo "2351"]
[PlyCount "97"]
[EventDate "2014.01.28"]

1. e4 d6 2. d4 Nf6 3. Nc3 e5 4. Nf3 Nbd7 5. g4 Nxg4 6. Rg1 Ngf6 7. Be3 c6 8.
Qd2 exd4 9. Qxd4 Qa5 10. Rg5 Qc7 11. Bc4 h6 12. Rg3 Ne5 13. Nxe5 dxe5 14. Qd3
Nh5 15. Rg1 Be7 16. O-O-O g6 17. Qd2 g5 18. Qe2 Nf4 19. Bxf4 exf4 20. Qh5 Rh7
21. e5 Kf8 22. e6 Bxe6 23. Bxe6 fxe6 24. h4 Bf6 25. Ne4 Bg7 26. Rd6 Re8 27.
Rgd1 Be5 28. R6d3 Qf7 29. Qe2 Qf5 30. f3 c5 31. c3 gxh4 32. Nxc5 Bg7 33. Nxb7
Be5 34. Nc5 Bg7 35. Ne4 Be5 36. Qh2 h3 37. Rh1 Rb7 38. Qxh3 Reb8 39. b3 Rc8 40.
c4 a5 41. Qxh6+ Bg7 42. Qg5 Qxg5 43. Nxg5 Ke7 44. Rh7 Kf6 45. Ne4+ Kg6 46. Rh2
a4 47. Rg2+ Kh7 48. c5 axb3 49. Rxb3 {Unable to reconstruct} 1/2-1/2

[Event "Tradewise Gibraltar Chess Festival 2014 "]
[Site "The Caleta Hotel - Gibraltar"]
[Date "2014.02.06"]
[Round "10.64"]
[White "Scharrer, Patrick"]
[Black "Ben Artzi, Ido"]
[Result "0-1"]
[WhiteElo "2220"]
[BlackElo "2344"]
[PlyCount "88"]
[EventDate "2014.01.28"]

1. e4 d6 2. d4 Nf6 3. Nc3 g6 4. f4 Bg7 5. Nf3 O-O 6. e5 dxe5 7. fxe5 Nd5 8. Ne4
f6 9. Bc4 Nc6 10. O-O Kh8 11. Qe1 Nb6 12. Bd3 Nxd4 13. Kh1 Nxf3 14. Rxf3 Bg4
15. Rf4 Bf5 16. exf6 exf6 17. Rxf5 gxf5 18. Ng3 Qe8 19. Qf2 f4 20. Nf5 Qh5 21.
Bxf4 Nd5 22. Bd2 Rae8 23. Rf1 b6 24. c4 Ne7 25. Nxg7 Kxg7 26. Qg3+ Ng6 27.
Qxc7+ Rf7 28. Qc6 Rd8 29. Bxg6 hxg6 30. Bc3 Rd1 31. Kg1 Rxf1+ 32. Kxf1 Qxh2 33.
Qe6 Qf4+ 34. Kg1 Qf5 35. Qe2 Qc5+ 36. Kf1 Qf5+ 37. Kg1 Qb1+ 38. Kh2 Qxa2 39. g4
g5 40. Qe3 Qb1 41. Qxg5+ Qg6 42. Qf5 Qxf5 43. gxf5 Rc7 44. b3 Rc5 0-1

[Event "Tradewise Gibraltar Chess Festival 2014 "]
[Site "The Caleta Hotel - Gibraltar"]
[Date "2014.02.06"]
[Round "10.65"]
[White "Mihajlov, Sebastian"]
[Black "Bellin, Robert"]
[Result "1/2-1/2"]
[WhiteElo "2185"]
[BlackElo "2337"]
[PlyCount "61"]
[EventDate "2014.01.28"]

1. d4 e6 2. Nf3 Nf6 3. c4 Bb4+ 4. Bd2 c5 5. dxc5 Bxc5 6. b4 Be7 7. a3 O-O 8. g3
a5 9. b5 d6 10. Bg2 Nbd7 11. O-O Qc7 12. Qc2 Nb6 13. Rc1 e5 14. Bg5 Be6 15.
Nbd2 Rfc8 16. Qb2 h6 17. Be3 Ng4 18. Bxb6 Qxb6 19. e3 f5 20. h3 Nf6 21. Ne1 f4
22. gxf4 exf4 23. Qd4 Qxd4 24. exd4 Rab8 25. Nd3 g5 26. Re1 Kf7 27. Rac1 Bf8
28. Nb2 b6 29. d5 Bd7 30. Nb3 Bg7 31. Nd4 1/2-1/2

[Event "Tradewise Gibraltar Chess Festival 2014 "]
[Site "The Caleta Hotel - Gibraltar"]
[Date "2014.02.06"]
[Round "10.66"]
[White "Lercel, Michal"]
[Black "Studer, Noel"]
[Result "1/2-1/2"]
[WhiteElo "2150"]
[BlackElo "2337"]
[PlyCount "56"]
[EventDate "2014.01.28"]

1. d4 e6 2. c4 Nf6 3. g3 d5 4. Nf3 Bb4+ 5. Bd2 Be7 6. Bg2 O-O 7. O-O c6 8. Qc2
b6 9. Bf4 Nbd7 10. Nbd2 Ba6 11. Rfe1 Nh5 12. cxd5 cxd5 13. Bc7 Qc8 14. Rac1
Nhf6 15. Qa4 Qb7 16. e4 b5 17. Qa5 Rfc8 18. exd5 Nxd5 19. Ne5 N7b6 20. Nb3 f6
21. Nc6 Rxc7 22. Nxe7+ Rxe7 23. Nc5 Qc6 24. Qxa6 Rae8 25. Nd3 Qd7 26. Nc5 Qc6
27. Nd3 Qd7 28. Nc5 Qc6 1/2-1/2

[Event "Tradewise Gibraltar Chess Festival 2014 "]
[Site "The Caleta Hotel - Gibraltar"]
[Date "2014.02.06"]
[Round "10.67"]
[White "Hoolt, Sarah"]
[Black "Spence, David J"]
[Result "1/2-1/2"]
[WhiteElo "2331"]
[BlackElo "2216"]
[PlyCount "60"]
[EventDate "2014.01.28"]

1. e4 e6 2. d4 d5 3. Nc3 Bb4 4. e5 c5 5. a3 Bxc3+ 6. bxc3 Ne7 7. h4 Qa5 8. Bd2
c4 9. Qg4 Nf5 10. h5 h6 11. Rh3 Nc6 12. Ne2 Bd7 13. Ng3 Nce7 14. Nxf5 Nxf5 15.
Qf4 Ba4 16. Kd1 Kd7 17. Rf3 Raf8 18. g3 g5 19. Qg4 Ke7 20. Rxf5 exf5 21. Qxf5
Qb6 22. Bh3 Qe6 23. Rb1 b6 24. f4 Qxf5 25. Bxf5 gxf4 26. Bxf4 Bd7 27. Bxd7 Kxd7
28. Ke2 Re8 29. Kf3 Re6 30. Kg4 f6 1/2-1/2

[Event "Tradewise Gibraltar Chess Festival 2014 "]
[Site "The Caleta Hotel - Gibraltar"]
[Date "2014.02.06"]
[Round "10.69"]
[White "Dolzhikova, Olga"]
[Black "Chapman, Terry P D"]
[Result "1/2-1/2"]
[WhiteElo "2203"]
[BlackElo "2304"]
[PlyCount "64"]
[EventDate "2014.01.28"]

1. e4 d6 2. d4 Nf6 3. Nc3 e5 4. Nf3 Nbd7 5. g4 Nxg4 6. Rg1 Ngf6 7. Be3 c6 8.
Qd2 b5 9. O-O-O b4 10. dxe5 dxe5 11. Nxe5 bxc3 12. Qxc3 Qc7 13. Nxd7 Bxd7 14.
Bd4 Qxh2 15. Bxf6 Qf4+ 16. Kb1 Qxf6 17. e5 Qh6 18. Rxd7 Kxd7 19. Bh3+ Ke8 20.
e6 fxe6 21. Re1 c5 22. Qf3 Rc8 23. Qb7 Qxh3 24. Qxc8+ Kf7 25. b3 Rg8 26. Re3
Qh1+ 27. Kb2 Qd5 28. c4 Qd2+ 29. Ka3 Qa5+ 30. Kb2 Qd2+ 31. Ka3 Qb4+ 32. Kb2
Qd2+ 1/2-1/2

[Event "Tradewise Gibraltar Chess Festival 2014 "]
[Site "The Caleta Hotel - Gibraltar"]
[Date "2014.02.06"]
[Round "10.70"]
[White "Burrows, Martin P"]
[Black "Larino Nieto, David"]
[Result "1/2-1/2"]
[WhiteElo "2126"]
[BlackElo "2465"]
[PlyCount "85"]
[EventDate "2014.01.28"]

1. e4 e5 2. Nf3 Nc6 3. Bb5 Nd4 4. Nxd4 exd4 5. O-O c6 6. Ba4 Nf6 7. d3 a5 8. c3
Bc5 9. Nd2 d6 10. Nf3 Bg4 11. h3 Bh5 12. cxd4 Ba7 13. Be3 g5 14. e5 g4 15. Bg5
dxe5 16. hxg4 Bxg4 17. dxe5 Rg8 18. Bxf6 Qd7 19. Bb3 Qf5 20. Nh4 Qh5 21. Qd2
Kd7 22. d4 h6 23. Bd1 Bxd1 24. Qxd1 Rg4 25. Qf3 Kc7 26. Rad1 Rag8 27. g3 Rxh4
28. Qxh5 Rxh5 29. Kg2 Rg6 30. Rd3 a4 31. f3 Rf5 32. Rh1 Rf4 33. Rhd1 b5 34. Kf2
Rf5 35. Rg1 c5 36. g4 Rf4 37. Ke3 Rfxf6 38. exf6 cxd4+ 39. Kf2 Kd6 40. Rh1 Kd5
41. b3 axb3 42. axb3 Kc5 43. Rc1+ 1/2-1/2

[Event "Tradewise Gibraltar Chess Festival 2014 "]
[Site "The Caleta Hotel - Gibraltar"]
[Date "2014.02.06"]
[Round "10.71"]
[White "Solomon, Kenny"]
[Black "Van Den Bersselaar, Jeroen"]
[Result "1-0"]
[WhiteElo "2351"]
[BlackElo "2146"]
[PlyCount "55"]
[EventDate "2014.01.28"]

1. d4 d5 2. Nf3 Nf6 3. c4 c6 4. Nc3 dxc4 5. a4 Bf5 6. Ne5 Nbd7 7. Nxc4 Qc7 8.
g3 e5 9. dxe5 Nxe5 10. Bf4 Nfd7 11. Bg2 g5 12. Ne3 gxf4 13. Nxf5 O-O-O 14. O-O
fxg3 15. hxg3 h5 16. Qd4 Nc5 17. Qh4 Nb3 18. Rad1 Nd2 19. Nd5 Nxf1 20. Nxc7
Rxd1 21. Bxf1 Ng4 22. Ne8 Bc5 23. Nf6 Nxf2 24. Kg2 Rhd8 25. Qxh5 Rb1 26. Qxf7
a5 27. Ne8 Rd7 28. Nfd6+ 1-0

[Event "Tradewise Gibraltar Chess Festival 2014 "]
[Site "The Caleta Hotel - Gibraltar"]
[Date "2014.02.06"]
[Round "10.72"]
[White "Amgalanbaatar, Ravdanlkhumbuu"]
[Black "Buchal, Stephan"]
[Result "0-1"]
[WhiteElo "2137"]
[BlackElo "2324"]
[PlyCount "74"]
[EventDate "2014.01.28"]

1. e4 g6 2. d4 Bg7 3. Nc3 d6 4. Be3 a6 5. Nf3 Nd7 6. Bd3 c5 7. O-O cxd4 8. Bxd4
Ngf6 9. Nd5 O-O 10. c4 e5 11. Nxf6+ Qxf6 12. Be3 Nc5 13. Bg5 Qe6 14. b4 Nxd3
15. Qxd3 b5 16. Rfc1 Bb7 17. Be3 bxc4 18. Qc2 Rac8 19. Rd1 f5 20. Qd2 Rfd8 21.
Bb6 Rd7 22. Ng5 Qf6 23. exf5 gxf5 24. f4 Bh6 25. Nh3 c3 26. Qc2 Be4 27. Qf2 c2
28. Re1 d5 29. Bc5 d4 30. Rac1 d3 31. Qd2 exf4 32. Rxc2 dxc2 33. Qxd7 Rd8 34.
Qa4 Qc3 35. Rc1 Qd2 36. Qb3+ Kg7 37. Rxc2 Qe1# 0-1

[Event "Tradewise Gibraltar Chess Festival 2014 "]
[Site "The Caleta Hotel - Gibraltar"]
[Date "2014.02.06"]
[Round "10.73"]
[White "Hommerson, Paul"]
[Black "Allor, Chukwuka"]
[Result "1-0"]
[WhiteElo "2255"]
[BlackElo "2138"]
[PlyCount "55"]
[EventDate "2014.01.28"]

1. e4 c5 2. Nf3 d6 3. d4 cxd4 4. Nxd4 Nf6 5. Nc3 Nc6 6. Bg5 e6 7. Qd2 a6 8.
O-O-O Bd7 9. f3 Be7 10. h4 h6 11. Be3 h5 12. Bg5 Qc7 13. Kb1 b5 14. Nxc6 Bxc6
15. Bd3 O-O 16. Ne2 Rfc8 17. Nf4 e5 18. Bxf6 Bxf6 19. Nxh5 Be7 20. Rh3 Kh7 21.
f4 f6 22. g4 Be8 23. Ng3 a5 24. g5 a4 25. f5 a3 26. g6+ Kg8 27. Qe2 d5 28. Qh5
1-0

[Event "Tradewise Gibraltar Chess Festival 2014 "]
[Site "The Caleta Hotel - Gibraltar"]
[Date "2014.02.06"]
[Round "10.74"]
[White "Hagesather, Arne"]
[Black "Rindlisbacher, Jan"]
[Result "1-0"]
[WhiteElo "2126"]
[BlackElo "2250"]
[PlyCount "57"]
[EventDate "2014.01.28"]

1. e4 e5 2. f4 exf4 3. Nf3 Ne7 4. Nc3 d5 5. d4 dxe4 6. Nxe4 Nd5 7. Bc4 Be6 8.
Qe2 Be7 9. g3 O-O 10. Bd2 Nd7 11. O-O-O N7b6 12. Bd3 Ne3 13. Rdg1 Bc4 14. gxf4
Bxd3 15. Qxd3 Nf5 16. Ng3 Nh4 17. Nh5 g6 18. Nxh4 Bxh4 19. f5 Kh8 20. Bh6 Rg8
21. Qe4 Nd7 22. Rg4 Nf6 23. Qe5 Qd6 24. fxg6 Rxg6 25. Rxg6 hxg6 26. Bg7+ Kg8
27. Qxd6 Bg5+ 28. Kd1 cxd6 29. Bxf6 1-0

[Event "Tradewise Gibraltar Chess Festival 2014 "]
[Site "The Caleta Hotel - Gibraltar"]
[Date "2014.02.06"]
[Round "10.75"]
[White "Reuben, Stewart"]
[Black "Dennis, Nigel W"]
[Result "0-1"]
[WhiteElo "2066"]
[BlackElo "1848"]
[PlyCount "98"]
[EventDate "2014.01.28"]

1. c4 Nf6 2. g3 g6 3. Bg2 Bg7 4. Nc3 d6 5. e4 e5 6. Nge2 O-O 7. d4 Nc6 8. d5
Ne7 9. O-O Bd7 10. h3 a6 11. a4 Ne8 12. Be3 f5 13. Qd2 Kh8 14. b4 Nf6 15. f4
Nxe4 16. Nxe4 fxe4 17. fxe5 Bxe5 18. Bd4 Rxf1+ 19. Rxf1 Qg8 20. Bxe5+ dxe5 21.
Qg5 Qg7 22. Nc3 e3 23. Qxe3 Nf5 24. Qc5 Nxg3 25. Rf3 Nf5 26. Qxc7 Rc8 27. Qxb7
Rxc4 28. Qxa6 Rxb4 29. Rd3 Qf8 30. d6 Qb8 31. Qa5 Qb6+ 32. Qxb6 Rxb6 33. Rd5
Ne3 34. Rxe5 Nxg2 35. Kxg2 Rxd6 36. a5 Rd2+ 37. Ne2 Ra2 38. h4 Bg4 39. Kf2 Kg7
40. Kf1 Kf6 41. Re3 Rxa5 42. Ng3 Ra4 43. Re4 Rxe4 44. Nxe4+ Kf5 45. Ng5 h6 46.
Nf7 h5 47. Kg2 Kf4 48. Nh6 Be6 49. Kf2 Bd5 0-1

[Event "Tradewise Gibraltar Chess Festival 2014 "]
[Site "The Caleta Hotel - Gibraltar"]
[Date "2014.02.06"]
[Round "10.76"]
[White "Nicolas Zapata, Irene"]
[Black "Walton, Alan J"]
[Result "0-1"]
[WhiteElo "2249"]
[BlackElo "2083"]
[PlyCount "74"]
[EventDate "2014.01.28"]

1. d4 d5 2. Nf3 Nf6 3. c4 c6 4. e3 Bg4 5. Nbd2 e6 6. h3 Bh5 7. Qc2 Nbd7 8. Bd3
Be7 9. O-O Bg6 10. c5 Qc7 11. b4 a5 12. b5 cxb5 13. Bxg6 hxg6 14. e4 dxe4 15.
Nxe4 Nxe4 16. Qxe4 Qc6 17. Qe2 O-O 18. Rd1 Rfe8 19. Be3 Bf6 20. Rac1 b4 21. Nd2
b6 22. cxb6 Qxb6 23. d5 Qa6 24. Qxa6 Rxa6 25. Rc7 Nf8 26. Nc4 exd5 27. Rxd5 a4
28. Rb7 b3 29. a3 Rc6 30. Na5 Rc2 31. Rdb5 Ne6 32. Rb4 Bc3 33. Rxa4 b2 34. Rc4
Rc1+ 35. Kh2 Be5+ 36. f4 Nxf4 37. Bxc1 bxc1=Q 0-1

[Event "Tradewise Gibraltar Chess Festival 2014 "]
[Site "The Caleta Hotel - Gibraltar"]
[Date "2014.02.06"]
[Round "10.77"]
[White "Sanchez Botella, Luis Javier"]
[Black "Samu, Sorin-Mihai"]
[Result "1/2-1/2"]
[WhiteElo "2241"]
[BlackElo "2131"]
[PlyCount "175"]
[EventDate "2014.01.28"]

1. d4 e6 2. c4 c5 3. Nf3 d5 4. cxd5 Qxd5 5. Nc3 Qd8 6. e4 Nf6 7. d5 exd5 8.
exd5 Bd6 9. Be2 a6 10. a4 h6 11. O-O O-O 12. h3 Nbd7 13. Nd2 Ne5 14. Nde4 Bf5
15. Ng3 Bh7 16. Be3 Rc8 17. f4 Ng6 18. Qd2 Re8 19. Nf5 Bf8 20. Rad1 Qd7 21. Ng3
Bd6 22. b3 Nh4 23. Rfe1 Bf5 24. Nxf5 Nxf5 25. Bf2 Nd4 26. Bc4 Rxe1+ 27. Rxe1 b5
28. axb5 axb5 29. Bxd4 cxd4 30. Nxb5 Bc5 31. d6 Bxd6 32. Nxd6 Qxd6 33. Re5 Rc5
34. Qe2 g6 35. Qd3 Kg7 36. Rxc5 Qxc5 37. Kf2 h5 38. Ke2 h4 39. Kd1 Qd6 40. f5
g5 41. Qf3 Qe7 42. Kd2 Qe5 43. Kd3 Nd7 44. b4 Qe7 45. Kxd4 Qxb4 46. Qd5 Qd2+
47. Bd3 Nf6 48. Qf3 Qb2+ 49. Ke3 Qe5+ 50. Kf2 Nd5 51. Kg1 Kf6 52. Qe4 Nf4 53.
Qxe5+ Kxe5 54. Bb1 f6 55. Kf2 Nh5 56. Kf3 Ng3 57. Bd3 Kd4 58. Bb1 Ke5 59. Bd3
Nxf5 60. Ba6 Ng3 61. Bc8 f5 62. Bd7 Ne4 63. Bc8 Nd2+ 64. Ke2 Nc4 65. Kf3 Nd6
66. Bd7 Nb7 67. Bc8 Na5 68. Ba6 Nc6 69. Bc8 Nd4+ 70. Ke3 Nb3 71. Kf3 Nc5 72.
Ke3 Kf6 73. Kf3 Ne4 74. Ke3 Ke5 75. Kf3 Nf6 76. Ke3 g4 77. hxg4 fxg4 78. Bb7
Kf5 79. Bc6 Kg5 80. Bb7 Nh5 81. Bc8 h3 82. gxh3 g3 83. Kf3 Kh4 84. Kg2 Nf4+ 85.
Kg1 Kg5 86. Bg4 Ng6 87. Kg2 Nh4+ 88. Kxg3 1/2-1/2

[Event "Tradewise Gibraltar Chess Festival 2014 "]
[Site "The Caleta Hotel - Gibraltar"]
[Date "2014.02.06"]
[Round "10.78"]
[White "Berry, Neil"]
[Black "Kandic, Milan"]
[Result "1-0"]
[WhiteElo "2227"]
[BlackElo "2080"]
[PlyCount "155"]
[EventDate "2014.01.28"]

1. d4 d6 2. e4 Nf6 3. Nc3 e5 4. Nf3 Nbd7 5. Bc4 Be7 6. O-O O-O 7. a4 a5 8. h3
c6 9. Qe2 Qc7 10. Rd1 h6 11. Ba2 exd4 12. Nxd4 Nc5 13. Qf3 Be6 14. Nf5 Bxf5 15.
Qxf5 Kh8 16. Be3 Na6 17. Rd2 Nb4 18. Bb3 Qc8 19. Qf3 Na6 20. Rad1 Qc7 21. Bf4
Rad8 22. Qe3 Kg8 23. Ne2 Nc5 24. Qxc5 Nxe4 25. Qh5 Nxd2 26. Rxd2 Bf6 27. Ng3
Be5 28. Bxh6 d5 29. Nf5 g6 30. Qg4 Rfe8 31. Be3 Qd7 32. Nh6+ Kg7 33. Qxd7 Rxd7
34. Ng4 Bxb2 35. c4 Bc3 36. Rd3 d4 37. Bh6+ Kh7 38. Nf6+ Kxh6 39. Nxd7 Re1+ 40.
Kh2 Rb1 41. Bd1 b5 42. axb5 cxb5 43. cxb5 Rxb5 44. Nf6 Rb1 45. Ne4 Bb2 46. Kg3
Ra1 47. Nc5 Rc1 48. Na4 Ba1 49. Bb3 f5 50. Rd1 Rxd1 51. Bxd1 d3 52. Nc5 d2 53.
Kf3 Kg5 54. Ke2 Bc3 55. Ba4 Kh4 56. Nb3 g5 57. Nxd2 g4 58. hxg4 Kxg4 59. Bd7
Kf4 60. Nf1 Ke5 61. g3 Ke4 62. Bc6+ Ke5 63. Kf3 Kf6 64. Ne3 Be1 65. Bd7 f4 66.
gxf4 Ke7 67. Ba4 Kf6 68. Ke4 Ke6 69. f5+ Kf7 70. f4 Bc3 71. Nd5 Bb2 72. Bd7 Kf8
73. f6 Bc1 74. Kf5 Kf7 75. Nc3 Bb2 76. Ne4 Bc1 77. Ng5+ Kf8 78. Kg6 1-0

[Event "Tradewise Gibraltar Chess Festival 2014 "]
[Site "The Caleta Hotel - Gibraltar"]
[Date "2014.02.06"]
[Round "10.79"]
[White "Semprun Martinez, Fernando"]
[Black "Omoifo, Osemekhian I"]
[Result "0-1"]
[WhiteElo "2227"]
[BlackElo "2076"]
[PlyCount "46"]
[EventDate "2014.01.28"]

1. e4 c6 2. d4 d5 3. f3 e6 4. Nc3 Nf6 5. Be3 Bb4 6. e5 Nfd7 7. f4 c5 8. Nf3 Nc6
9. a3 Bxc3+ 10. bxc3 Qa5 11. Bd2 c4 12. Be2 Ne7 13. O-O h5 14. Ng5 g6 15. f5
Nxf5 16. Rxf5 exf5 17. e6 fxe6 18. Nxe6 Nf8 19. Nc5 Ne6 20. Bxh5 Rxh5 21. Qe2
Kf7 22. Re1 Qb6 23. g4 fxg4 0-1

[Event "Tradewise Gibraltar Chess Festival 2014 "]
[Site "The Caleta Hotel - Gibraltar"]
[Date "2014.02.06"]
[Round "10.80"]
[White "Sanchez Castillo, Sarai Caroli"]
[Black "Dasaolu, Rotimi"]
[Result "1-0"]
[WhiteElo "2219"]
[BlackElo "2077"]
[PlyCount "91"]
[EventDate "2014.01.28"]

1. e4 c5 2. Nf3 d6 3. Nc3 a6 4. d4 cxd4 5. Nxd4 Nf6 6. Bc4 e6 7. Bb3 Nbd7 8.
Bg5 Nc5 9. f4 Be7 10. Qf3 Qc7 11. O-O-O b5 12. Bxf6 gxf6 13. f5 b4 14. fxe6
Nxb3+ 15. axb3 bxc3 16. exf7+ Kxf7 17. e5 cxb2+ 18. Kxb2 dxe5 19. Qd5+ Kg7 20.
Rd3 Rd8 21. Rg3+ Kh8 22. Qxa8 Rxd4 23. Qf3 Bb7 24. Qh5 Rd8 25. Rd1 Bd6 26. Rxd6
Qxd6 27. Qf7 Qf8 28. Qxb7 Rd6 29. Rh3 Qg8 30. Rg3 Qf8 31. Rc3 Rd8 32. Rc7 Qh6
33. Qxa6 Rf8 34. Qd6 Kg8 35. Qe6+ Kh8 36. h3 Qg6 37. g4 Re8 38. Re7 Rf8 39. Rd7
Re8 40. Re7 Rf8 41. Qd6 Kg8 42. b4 Qe4 43. Rd7 Qe3 44. h4 Qf4 45. Qe6+ Kh8 46.
Qe7 1-0

[Event "Tradewise Gibraltar Chess Festival 2014 "]
[Site "The Caleta Hotel - Gibraltar"]
[Date "2014.02.06"]
[Round "10.81"]
[White "Suez-Panama, Gilles"]
[Black "Rowe, Duane"]
[Result "0-1"]
[WhiteElo "2071"]
[BlackElo "2218"]
[PlyCount "102"]
[EventDate "2014.01.28"]

1. d4 Nf6 2. Nf3 e6 3. c4 c5 4. d5 exd5 5. cxd5 d6 6. Nc3 g6 7. g3 Bg7 8. Bg2
O-O 9. O-O a6 10. a4 Re8 11. Nd2 Nbd7 12. h3 Nh5 13. Nce4 Ndf6 14. Nc3 Rb8 15.
e3 Nd7 16. Nce4 Ne5 17. Qc2 f5 18. Nc3 g5 19. f4 Nxg3 20. fxe5 Nxf1 21. Nxf1
Bxe5 22. Ne2 Qf6 23. Nfg3 b5 24. a5 Rb7 25. Bd2 Bxb2 26. Rf1 Be5 27. Nxf5 Rf8
28. e4 Qg6 29. Bc3 Bxc3 30. Qxc3 Bxf5 31. exf5 Rxf5 32. Rxf5 Qxf5 33. Ng3 b4
34. Qc4 Qf7 35. Qxa6 b3 36. Qa8+ Kg7 37. Nf5+ Kf6 38. Be4 Ke5 39. Qh8+ Qf6 40.
Qe8+ Kf4 41. Bb1 Qe5 42. Qh5 Qe1+ 43. Kg2 Qxb1 44. Qf3+ Ke5 45. Ng3 Qc2+ 46.
Kg1 b2 47. Qe3+ Kxd5 48. Qf3+ Kc4 49. a6 b1=Q+ 50. Nf1 Rb2 51. Qg4+ Qe4 0-1